000 00437pab a2200157 454500
008 180718b2015 xxu||||| |||| 00| 0 eng d
100 _aSahoo, P.K.
245 _aFunctioning of internal quality assurance cells in autonomous and general college
260 _c2015
300 _ap.40-45.
362 _a16 Feb
650 _aEducational administration
700 _aSrivastava, Minoti
773 _aUniversity News
909 _a107084
999 _c107079
_d107079